Highest Points in Asia - Statistics

General Stats
  • This quiz has been taken 5 times
    2 since last reset
  • The average score is 9 of 47
Answer Stats
Hint Answer % Correct
Pakistan K2
100%
Turkey (16,854 ft. / 5,137 m.) Mount Ararat
100%
China (29,035 ft. / 8,850 m.) Mount Everest
100%
Nepal (29,035 ft. / 8,850 m.) Mount Everest
100%
Japan Mount Fuji
100%
Vietnam (10,312 ft. / 3,143 m.) Fansipan (Phan Xi Pang)
50%
India Kangchenjunga
50%
Mongolia Khuiten Peak
50%
Iran (18,406 ft. / 5,610 m.) Mount Damavand
50%
Cyprus (6,404 ft. / 1,952 m.) Mount Olympus
50%
Afghanistan (24,580 ft. / 7,492 m.) Noshaq
50%
North Korea Paektu Mountain
50%
Singapore Bukit Timah Hill
0%
Iraq (11,847 ft. / 3,611 m.) Cheekha Dar
0%
Thailand Doi Inthanon
0%
Bhutan Gangkhar Puensum
0%
South Korea Hallasan
0%
Myanmar Hkakabo Razi
0%
Tajikistan (24,590 ft. / 7,495 m.) Ismoil Somoni Peak (Imeni Ismail Samani)
0%
Yemen (12,028 ft. / 3,666 m.) Jabal An- Nabi Shu'ayb
0%
Oman (9,872 ft. / 3,009 m.) Jabal Shams
0%
Jordan (6,083 ft. / 1,854 m.) Jabal Umm al Dami
0%
United Arab Emirates (6,207 ft. / 1,892 m.) Jebel Jais
0%
Kyrgyzstan (24,406 ft. / 7,439 m.) Jengish Chokusu
0%
Kazakhstan (22,949 ft. / 6955 m.) Khan Tengri
0%
Uzbekistan (15,233 ft. / 4,643 m.) Khazret Sultan
0%
Bahrain (440 ft. / 134 m.) Mountain of Smoke (Jabal al Dukhan)
0%
Philippines Mount Apo
0%
Armenia (13,418 ft. / 4,090 m.) Mount Aragats
0%
Azerbaijan (14,652 ft. / 4,466 m.) Mount Bazarduzu
0%
Syria (9,232 ft. / 2,814 m.) Mount Hermon
0%
Malaysia Mount Korbu
0%
Israel (3,963 ft. / 1,208 m.) Mount Meron
0%
East Timor Mount Ramelau (Tatamailau)
0%
Turkmenistan (10,292 ft. / 3,137 m.) Mount Rizeh (Ku-e Rizeh)
0%
Saudi Arabia (10,279 ft. / 3,133 m.) Mount Sawda'
0%
Georgia (17,070 ft. / 5,203 m.) Mount Shkhara
0%
Kuwait (466 ft. / 142 m.) Mutla Ridge
0%
Brunei Pagon Hill
0%
Cambodia Phnom Aural
0%
Laos Phou Bia
0%
Sri Lanka Pidurutalagala
0%
Indonesia Punkak Jaya
0%
Qatar (338 ft. / 103 m.) Qurayn Abu al Bawl
0%
Lebanon (10,131 ft. / 3,088 m.) Qurnat as Sawda'
0%
Bangladesh Saka Haphong
0%
Taiwan Yu Shan
0%
No matching quizzes found
Score Distribution
Percent of People with Each Score
Percentile by Number Answered
Your Score History
You have not taken this quiz since the last reset